Szczegóły MARC21

Markowe produkty turystyczne /

005 -DATA I CZAS OSTATNIEJ MODYFIKACJI [,]
    • @
    • pole kontrolne
    • 20070315155141.9
020 -Międzynarod. znormalizowany nr książki - ISBN [ , ]
    • a
    • Numer ISBN
    • 8389142295 Find
040 -Instytucja sporządzająca opis [ , ]
    • a
    • Instytucja, która sporządziła opis (NP)
    • SZCZ U
    • c
    • Instytucja, która sporządziła rekord (NP)
    • SZCZ U
041 -Język dokumentu [0, ]
    • a
    • Język tekstu (P)
    • polski
    • h
    • Język tekstu oryginalnego i/lub pośredniego (P)
    • polski
942 -Rodzaj dokumentu [ , ]
    • c
    • Rodzaj dokumentu
    • Książka
245 -Strefa tytułu i oznaczenia odpowiedzialności [0, ]
    • a
    • Tytuł
    • Markowe produkty turystyczne / Find
    • c
    • Pozostałe elementy strefy tytułu i oznaczenia odpowiedzialności (NP)
    • red. nauk. Aleksander Panasiuk.
260 -Strefa adresu wydawniczego [ , ]
    • a
    • Miejsce wydania (P)
    • Szczecin ; Niechorze :
    • b
    • Nazwa wydawcy (P)
    • Fund.na Rzecz Uniw.Szczecińskiego,
    • c
    • Data wydania (P)
    • 2004.
300 -Strefa opisu fizycznego [ , ]
    • a
    • Określenie formy książki i/lub objętość (NP)
    • 410 s. :
    • b
    • Oznaczenie ilustracji (NP)
    • il. :
    • c
    • Format (NP)
    • 24 cm.
500 -Uwaga ogólna [ , ]
    • a
    • Uwaga ogólna (NP)
    • Bibliogr
080 -Uniwersalna Klasyfikacja Dziesiętna [ , ]
    • a
    • Symbol klasyfikacji
    • 338.48(438)(061)
980 -Symbol UKD [ , ]
    • a
    • UKD
    • 338.48(438)(061)
700 -Hasło dodatkowe - nazwa osobowa [ , ]
    • a
    • Nazwa osobowa (NP)
    • Panasiuk Aleksander Find
920 -ISBN [ , ]
    • a
    • ISBN
    • 83-89142-29-5 Find
Status udost. Sygnatura Numer inwentarzowy Data inwentaryzacji Lokalizacja
-2T.8134T.81342004-09-22T
-6TM.3028TM.30282005-03-22T
-2TM.3029TM.30292005-03-22T
-3TM.3030TM.30302005-03-22T
-3TM.3315TM.33152005-06-13T
-3TM.3712TM.37122006-01-09T
-3TM.4308TM.43082006-06-29T
-6TM.3317TM.33172005-06-13T
-6TM.3724TM.37242006-02-01T
-6TM.3316TM.33162005-06-13T
-6TM.3725TM.37252006-02-01T